Word Ladder: Beyoncé Fiance Quiz Stats

 Plays Quiz Updated Jul 11, 2017

Support Sporcle.
Go Orange.
Score 0/21 Timer 02:00
1 Play Today
Clue Word % Correct
Beyoncé: 'Should have put a ____ on it'RING
98.3%
Adult grape drinkWINE
95.1%
Bird's flapperWING
94.5%
____ RuthBABE
89.5%
Not the husbandWIFE
88.1%
Used a bellRANG
87.6%
Family 'addition' or Beyoncé hit: ____ BoyBABY
87.2%
'____ ____! You're dead!'BANG
87.2%
Facebook actionLIKE
85.7%
Wedding reception treatCAKE
83.7%
Number of Golden RingsFIVE
83.2%
Clue Word % Correct
Plunge (into a pool)DIVE
82.8%
Prehistoric homeCAVE
82.7%
Kayaking siteLAKE
81.8%
Opposite end of receivedGAVE
80.7%
Batman villainBANE
80.3%
Game with marriage and kidsLIFE
79%
Medieval European fluteFIFE
71.4%
Kaplan, Kotter, or NewellGABE
67.8%
One of the 'Desperate' HousewivesGABY
66.2%
2008 Beyoncé hit: ____DIVA
48.4%

Today's Daily Dose

Missing Word
FPS Games (A-Z)

Quick Pick
Cartoon Lions

Get the Picture
5, 6, 7, or 8 Movies

You're not logged in!

Compare scores with friends on all Sporcle quizzes.
OR
Log In
Forgot?

From the Vault

Capital Cities: After 'J'

by eyes355

We just forgot about every letter that came before, sorry.
Remove Ads.
Support Sporcle.
Get the best of Sporcle when you Go Orange. This ad-free experience offers more features, more stats, and more fun while also helping to support Sporcle. Thank you for becoming a member.

Show Comments

Extras

Top Quizzes Today


Score Distribution

Your Account Isn't Verified!

In order to create a playlist on Sporcle, you need to verify the email address you used during registration. Go to your Sporcle Settings to finish the process.

Report this User

Report this user for behavior that violates our Community Guidelines.

Details: